Statistics for Bordering Countries by Country #2

Click here to take the quiz!

General Stats

  • This quiz has been taken 191 times
    (180 since last reset)
  • The average score is 24 of 27

Answer Stats

Answer% Correct
France
99%
Portugal
99%
Andorra
97%
Russia
97%
United Kingdom
97%
Israel
96%
Turkey
96%
Iraq
94%
Poland
94%
Ukraine
94%
Armenia
93%
Lebanon
93%
Georgia
92%
Jordan
92%
Kenya
91%
Lithuania
91%
Rwanda
91%
Dem. Rep. Congo
90%
Latvia
90%
Tanzania
88%
Central African Republic
86%
Iran
85%
Morocco
82%
Angola
80%
Gabon
80%
South Sudan
80%
Cameroon
76%

Score Distribution

Percentile by Number Answered

Percent of People with Each Score

Your Score History

You have not taken this quiz since the last reset